LEADER 01300nam0 2200277 4500 001 000032746 005 20200330153502.0 100 $a2017091411959----km-y0itay50------ba 101 0 $aita 102 $aIT 105 $ay-------001yy 200 1 $aVariazioni del c.m.t. registrate durante l'A.G.I. nella stazione di Capri dell'Istituto Universitario Navale dal 1° gennaio al 30 giugno 1958$fG. Simeon ed A. Sposito 210 $aNapoli$cStabilimento tipografico Guglielmo Genovese$d1959 215 $a10 p., c. nn. ; 24 cm$cill.$d28 cm 300 $aEstr. dagli Annali dell'Istituto Univ. Navale di Napoli, vol. 28 461 1$1001000026861$aG. Simeon - Opere 500 10$aVariazioni del c.m.t. registrate durante l'A.G.I. nella stazione di Capri dell'Istituto Universitario Navale dal 1° gennaio al 30 giugno 1958$91736264 610 1 $aC.M.T.$aMisurazione$aCapri 676 $a551$v22$9Geofisica 700 1$aSimeon,$bGiuseppe$0426004 701 1$aSposito,$bAntonino$0630092 801 0$aIT$bUNIPARTHENOPE$c2020032630$gRICA$2UNIMARC 912 $a000032746 951 $aColl. SIM. 1-5/2$bs.i.$cDSA$d2020 996 $aVariazioni del c.m.t. registrate durante l'A.G.I. nella stazione di Capri dell'Istituto Universitario Navale dal 1° gennaio al 30 giugno 1958$91736264 997 $aUNIPARTHENOPE